Big Bob and the magic Valentine's Day potato / (Registro nro. 12192)

Detalles MARC
000 -LEADER
fixed length control field 00758nam a22002417a 4500
001 - CONTROL NUMBER
control field 000776
003 - CONTROL NUMBER IDENTIFIER
control field DO-SdBNP
005 - DATE AND TIME OF LATEST TRANSACTION
control field 20161130145348.0
007 - PHYSICAL DESCRIPTION FIXED FIELD--GENERAL INFORMATION
fixed length control field 000776
008 - FIXED-LENGTH DATA ELEMENTS--GENERAL INFORMATION
fixed length control field 161129b 1999 nyu a ||||| |||| 00| 0 spa d
040 ## - CATALOGING SOURCE
Original cataloging agency BPMSU
Language of cataloging spa
Transcribing agency BPMSU
082 ## - DEWEY DECIMAL CLASSIFICATION NUMBER
Classification number xxxx
Item number xxxx
100 1# - MAIN ENTRY--PERSONAL NAME
Personal name Pinkwater, Daniel Manus,
Dates associated with a name 1941-
245 10 - TITLE STATEMENT
Title Big Bob and the magic Valentine's Day potato /
Statement of responsibility, etc. by Daniel Pinkwater ; illustrated by Jill Pinkwater.
260 ## - PUBLICATION, DISTRIBUTION, ETC. (IMPRINT)
Place of publication, distribution, etc. New York :
Name of publisher, distributor, etc. Scholastic,
Date of publication, distribution, etc. 1999.
300 ## - PHYSICAL DESCRIPTION
Extent v. :
Other physical details il. ;
Dimensions 23 cm.
490 1# - SERIES STATEMENT
Series statement Hello reader!, Level
Volume/sequential designation Level 3.
500 ## - GENERAL NOTE
General note Grades 1 & 2
700 12 - ADDED ENTRY--PERSONAL NAME
Personal name Pinkwater, Jill,
Relator term il.
830 #0 - SERIES ADDED ENTRY--UNIFORM TITLE
Uniform title Hello reader! ;
Volume number/sequential designation Level 3.
942 ## - ADDED ENTRY ELEMENTS (KOHA)
Source of classification or shelving scheme Dewey Decimal Classification
Koha item type Libros
956 ## - LOCAL ELECTRONIC LOCATION AND ACCESS (OCLC)
Access method LOPEREZ
Materials specified 10
Linkage 20161130
Field link and sequence number BPMSU
Host name 00041
Existencias
Withdrawn status Lost status Source of classification or shelving scheme Damaged status Not for loan Collection code Home library Current library Date acquired Source of acquisition Total Checkouts Full call number Barcode Date last seen Price effective from Koha item type
    Dewey Decimal Classification     Colección Infantil General Biblioteca Pública Metropolitana Salomé Ureña Biblioteca Pública Metropolitana Salomé Ureña 11/30/2016 FUNDI   xxxx xxxx BPMSU16111689 11/30/2016 11/30/2016 Libros